Cerebro y lenguaje la afasia traumática: síndrome, exploración y tratamiento
Gespeichert in:
| 1. Verfasser: | |
|---|---|
| Format: | Unbekannt |
| Sprache: | Spanish |
| Veröffentlicht: |
Barcelona
Fontanella
1978
|
| Ausgabe: | 2. edición |
| Schriftenreihe: | Conducta humana
número 19 |
| Schlagworte: | |
| Tags: |
Tag hinzufügen
Keine Tags, Fügen Sie den ersten Tag hinzu!
|
MARC
| LEADER | 000000000a22000000004500 | ||
|---|---|---|---|
| 001 | 000082 | ||
| 008 | 140516s1978 es a|||f |||| 000 0 spa d | ||
| 020 | |a 8424404483 | ||
| 041 | 0 | |a español | |
| 082 | |a 616.855.2 L967c2 | ||
| 100 | 1 | |a Luria, Aleksandr Romanovich |d 1902-1977 | |
| 245 | 1 | 0 | |a Cerebro y lenguaje |b la afasia traumática: síndrome, exploración y tratamiento |c A.R. Luria |
| 250 | |a 2. edición | ||
| 260 | |a Barcelona |b Fontanella |c 1978 | ||
| 300 | |a 553 páginas |b ilustraciones | ||
| 490 | 0 | |a Conducta humana |v número 19 | |
| 500 | |a Número de inscripción 13015 -- Título original: Mezhdunarodnaia Kniga | ||
| 650 | 4 | |a AFASIA | |
| 650 | 4 | |a TRASTORNOS DEL LENGUAJE | |
| 942 | |2 ddc |c BK | ||
| 999 | |c 972 |d 972 | ||



